Normal view MARC view

Entry Personal Name

Number of records used in: 1

001 - CONTROL NUMBER

  • control field: 9811

003 - CONTROL NUMBER IDENTIFIER

  • control field: DLC

005 - DATE AND TIME OF LATEST TRANSACTION

  • control field: 20231102155411.0

008 - FIXED-LENGTH DATA ELEMENTS

  • fixed length control field: 961023n| acannaabn |b aaa c

010 ## - LIBRARY OF CONGRESS CONTROL NUMBER

  • LC control number: nr 96038207
  • Canceled/invalid LC control number: no 97059721
  • Canceled/invalid LC control number: no2009162063

035 ## - SYSTEM CONTROL NUMBER

  • System control number: (OCoLC)oca04197319

040 ## - CATALOGING SOURCE

  • Original cataloging agency: NjP
  • Language of cataloging: eng
  • Transcribing agency: NjP
  • Modifying agency: NjP
  • Modifying agency: DLC
  • Modifying agency: DLC-ON
  • Modifying agency: DLC
  • Modifying agency: DLC
  • Modifying agency: OCoLC

100 1# - HEADING--PERSONAL NAME

  • Personal name: Khātamī, Muḥammad

400 1# - SEE FROM TRACING--PERSONAL NAME

  • Personal name: Khatami, Mohammad

400 1# - SEE FROM TRACING--PERSONAL NAME

  • Personal name: Khatemi, Mohammad

400 1# - SEE FROM TRACING--PERSONAL NAME

  • Personal name: Khātimī, Muḥammad

400 1# - SEE FROM TRACING--PERSONAL NAME

  • Personal name: Khatami, Seyed Mohammad

400 1# - SEE FROM TRACING--PERSONAL NAME

  • Personal name: Khatami, Seyyed Mohammad

400 1# - SEE FROM TRACING--PERSONAL NAME

  • Personal name: Khātimī, Sayyid Muḥammad

400 1# - SEE FROM TRACING--PERSONAL NAME

  • Personal name: Khātamī, Sayyid Muḥammad

400 1# - SEE FROM TRACING--PERSONAL NAME

  • Personal name: Khatami, Sayyed Mohammad

400 1# - SEE FROM TRACING--PERSONAL NAME

  • Personal name: حمد خاتمى

400 1# - SEE FROM TRACING--PERSONAL NAME

  • Personal name: خاتكى، محمد

400 1# - SEE FROM TRACING--PERSONAL NAME

  • Personal name: خاتمي، محمد

400 1# - SEE FROM TRACING--PERSONAL NAME

  • Personal name: محمد خاتمى

400 1# - SEE FROM TRACING--PERSONAL NAME

  • Personal name: محمد، خاتمي

510 1# - SEE ALSO FROM TRACING--CORPORATE NAME

  • Corporate name or jurisdiction name as entry element: Iran.
  • Subordinate unit: President (1997-2005 : Khātamī)

670 ## - SOURCE DATA FOUND

  • Source citation: Bīm-i mawj, 1993:
  • Information found: t.p. (Muḥammad Khātamī)

670 ## - SOURCE DATA FOUND

  • Source citation: Hope and challenge, 1997:
  • Information found: t.p. (Mohammad Khatami; Iranian president) p. 99 (b. 1942)

670 ## - SOURCE DATA FOUND

  • Source citation: Iran under Khatami, 1998:
  • Information found: CIP galley (Muhammad Khatami elected President of the Islamic Republic of Iran, May, 1997 (sworn in August 4 '97))

670 ## - SOURCE DATA FOUND

  • Source citation: Washington post, 03-15-99
  • Information found: (Mohammad Khatemi)

670 ## - SOURCE DATA FOUND

  • Source citation: NY times, 08-08-01
  • Information found: (Mohammad Khatami; re-elected to a second term as President of Iran)

670 ## - SOURCE DATA FOUND

  • Source citation: Islam, dialogue, and civil society, c2003:
  • Information found: cover (Seyed Mohammad Khatami) p. 119 (Seyyed Mohammad Khatami)

670 ## - SOURCE DATA FOUND

  • Source citation: al-Taʻāwun al-ʻArabī al-Īrānī, 2003:
  • Information found: t.p. (Sayyid Muḥammad Khātimī)

670 ## - SOURCE DATA FOUND

  • Source citation: Zanān va javānān, 2000:
  • Information found: t.p. (Sayyid Muḥammad Khātamī) t.p. verso (Iranian CIP data: Khātamī, Sayyid Muḥammad; b. 1322 [1943 or 1944]) added t.p. (Sayyed Mohammad Khatami [in rom.])

670 ## - SOURCE DATA FOUND

  • Source citation: Farāmāsūniri, 2002:
  • Information found: t.p. verso (Khātamī, Muḥammad; b. 1329 [1950 or 1951])

670 ## - SOURCE DATA FOUND

  • Source citation: Dialogue among civilizations, 2001:
  • Information found: t.p. (Seyyed Mohammad Khatami)

Powered by Koha